Blesky z jasného neba ruské výpravy na Konštantínopol

Bibliographic Details
Main Author: Hurbanič, Martin, 1971- (Author)
Format: Article
Language:Slovak
PhysicalDescription:Mp., obr.
ISSN:1335-6550
Subjects:

MARC

LEADER 00000nab a2200000 a 4500
001 vtls000731965
003 SK-MaSNL
005 20260305003254.0
008 250429c2000 xo 0 slo
015 |a SNBRB2000/11-27763 
035 |a CLN000084084 
035 |a urn:nbn:sk:snk-ab1jzt 
035 |a (urnnbn)urn:nbn:sk:snk:ar-004ax4 
035 |a (uuid)0c0c1c52-2d3d-465d-bc34-894daa970f19 
040 |a SNKBUCL  |b slo  |c SNKBUCL  |e AACR2 
041 0 |a slo 
044 |a xo  |c SK 
080 |a 949.502  |2 1981 
080 |a 956.0  |x "08/10"  |2 1981 
100 1 |a Hurbanič, Martin,  |d 1971-  |4 aut  |9 104958 
245 1 0 |a Blesky z jasného neba  |b ruské výpravy na Konštantínopol  |c Martin Hrubač 
300 |b Mp., obr. 
648 7 |a 9.-11. stor.  |2 snkbucl  |9 416241 
650 0 7 |a ruské vojenské výpravy  |2 snkbucl  |9 1580020 
650 0 7 |a stredovek  |2 snkbucl  |9 4259 
651 7 |a Istanbul (Turecko)  |2 snkbucl  |9 24137 
651 7 |a Byzantská ríša  |2 snkbucl  |9 74153 
773 0 |t Historická revue  |g Roč. 11, č. 6 (2000), s. 8-10  |x 1335-6550 
850 |a Slovenská národná knižnica 
852 |a Slovenská národná knižnica 
954 |a odborná, vedecká literatúra pôvodná (slovenská)  |2 lita 
958 |a article27 
958 |a TR 
958 |a GR 
958 |a OND 
958 |a EUIPO 
999 |c 3229559  |d 3231489